| 000 | 00842nmm a2200265 a 4500 | ||
|---|---|---|---|
| 001 | ocm000785899 | ||
| 003 | TR-IsHL | ||
| 005 | 20201028143628.0 | ||
| 008 | 140420s2012 tu tur | ||
| 007 | cr cn | ||
| 020 | _a9781105728600 | ||
| 035 |
_a785899 _b(N$T) |
||
| 050 | 0 | 4 |
_aPL248.B89 _bS46 2012 |
| 090 | 0 | 4 |
_aPL248.B89 _bS46 2012 |
| 100 | 1 | _aBüyükadıgüzel, Yeşim | |
| 245 | 1 | 0 |
_aSen benimsin '2015' _h[electronic resource] / _cYeşim Büyükadıgüzel |
| 260 |
_aİstanbul : _bE-Kitap Projesi, _c2012 |
||
| 300 | _a343 p. | ||
| 650 | 4 | _aDil ve Edebiyat | |
| 650 | 4 | _aLanguage and Literature | |
| 650 | 0 | _aTürk romanı | |
| 650 | 0 | _aTurkish fiction | |
| 650 | 7 |
_aLITERARY COLLECTIONS / Middle Eastern _2bisacsh |
|
| 856 | 4 | 0 | _uhttp://search.ebscohost.com/login.aspx?direct=true&scope=site&db=e011xww&AN=785899 |
| 999 |
_c9001 _d9001 |
||